Eloise at Christmastime
| Main Author: | |
|---|---|
| Format: | Book |
| Published: |
London :
Simon & Schuster ,
2003
|
| Subjects: |
MARC
| LEADER | 00000cam a2200000 7i4500 | ||
|---|---|---|---|
| 001 | 0000006461 | ||
| 005 | 20151222.0 | ||
| 008 | 070816 | ||
| 020 | |a 141690431X | ||
| 090 | 0 | 0 | |a JF |b NS ENG (6751) |
| 100 | 1 | |a Thompson's,Kay | |
| 245 | 1 | 0 | |a Eloise at Christmastime |c Kay Thompson's |
| 260 | |a London : |b Simon & Schuster , |c 2003 | ||
| 500 | |a Children ages 7-9 years old (orange) | ||
| 650 | 0 | |a Christmas |x Fiction | |
| 999 | |a 0000985345 |b Book |c Children Collection |e Perbadanan Perpustakaan Awam Johor | ||
| 999 | |a 0000985346 |b Book |c Children Collection |e Perbadanan Perpustakaan Awam Johor | ||